01124 am a2200313ua 450000100100000000500170001000800410002701000130006802000210008102000180010204000110012004300120013108200230014324500900016625000120025626000820026830000340035049000430038450000200042750400410044765000430048865300250053165500240055670000310058070000340061194200230064599900170066895201250068501129747820140302113839.0970115s1997 xxka grb 001 0 eng d a96016019 a0132276534 (pbk) a9780132276535 aUkcUk ae------04a658.80094222bEUR00aEuropean casebook on principles of marketing /cedited by Jim Saker and Gareth Smith. a1st ed. aLondon :bPrentice Hall,c1997e(Bodmin, United Kingdom :fHartnolls Lomited) axiv, 258 p. :bill. ;c24 cm.0 aEuropean casebook series on management aIncludes index. aIncludes bibliographical references. 0aMarketingzEuropexCase studies935077 bBUSADMcFebruary2014 vreading book9342321 aSaker, Jim935078eeditor.1 aSmith, Gareth935079eeditor. 2ddck658.80094 EUR c18032d18004 00102ddc40708Donation-GaMAINbMAINc1STd2014-02-05eDonationl0o658.80094 EURp000035585r2025-07-15 00:00:00yBB